<?xml version="1.0" encoding="UTF-8"?>
<record
    xmlns:xsi="http://www.w3.org/2001/XMLSchema-instance"
    xsi:schemaLocation="http://www.loc.gov/MARC21/slim http://www.loc.gov/standards/marcxml/schema/MARC21slim.xsd"
    xmlns="http://www.loc.gov/MARC21/slim">

  <leader>00731nam a22002297a 4500</leader>
  <controlfield tag="003">UA-OsUOA</controlfield>
  <controlfield tag="001"> 125139 </controlfield>
  <controlfield tag="007">ta</controlfield>
  <controlfield tag="008">20170907b un ||||| |||| 00| 0 ukr d</controlfield>
  <datafield tag="090" ind1=" " ind2=" ">
    <subfield code="a">82-92</subfield>
    <subfield code="b">&#x42F;11</subfield>
  </datafield>
  <datafield tag="942" ind1=" " ind2=" ">
    <subfield code="c">BK</subfield>
  </datafield>
  <datafield tag="040" ind1=" " ind2=" ">
    <subfield code="a">UA-OsUOA</subfield>
    <subfield code="b">ukr</subfield>
    <subfield code="c">UA-OsUOA</subfield>
    <subfield code="d">UA-OsUOA</subfield>
  </datafield>
  <datafield tag="245" ind1=" " ind2=" ">
    <subfield code="a">"&#x42F; &#x432;&#x438;&#x43D;&#x435;&#x43D; &#x442;&#x438;&#x43C;, &#x449;&#x43E; &#x443;&#x43A;&#x440;&#x430;&#x457;&#x43D;&#x435;&#x446;&#x44C;": &#x456;&#x43D;&#x442;&#x435;&#x440;&#x432;'&#x44E; &#x42E;&#x440;&#x456;&#x44F; &#x417;&#x430;&#x439;&#x446;&#x435;&#x432;&#x430; &#x437; &#x41E;&#x43B;&#x435;&#x43A;&#x441;&#x43E;&#x44E; &#x420;&#x456;&#x437;&#x43D;&#x438;&#x43A;&#x456;&#x432;&#x438;&#x43C;</subfield>
    <subfield code="b">&#x434;&#x43E;&#x43A;&#x443;&#x43C;&#x435;&#x43D;&#x442;&#x438;</subfield>
  </datafield>
  <datafield tag="300" ind1=" " ind2=" ">
    <subfield code="a">232 &#x441;.</subfield>
  </datafield>
  <datafield tag="955" ind1=" " ind2=" ">
    <subfield code="a">1</subfield>
  </datafield>
  <datafield tag="041" ind1=" " ind2=" ">
    <subfield code="a">ukr</subfield>
  </datafield>
  <datafield tag="080" ind1=" " ind2=" ">
    <subfield code="a">82-92</subfield>
  </datafield>
  <datafield tag="020" ind1=" " ind2=" ">
    <subfield code="a">978-966-325-080-9</subfield>
  </datafield>
  <datafield tag="260" ind1=" " ind2=" ">
    <subfield code="a">&#x41B;&#x44C;&#x432;&#x456;&#x432;</subfield>
    <subfield code="b">&#x406;&#x423; &#x456;&#x43C;. &#x406;. &#x41A;&#x440;&#x438;&#x43F;'&#x44F;&#x43A;&#x435;&#x432;&#x438;&#x447;&#x430;</subfield>
    <subfield code="c">2007</subfield>
  </datafield>
  <datafield tag="650" ind1=" " ind2="7">
    <subfield code="a">82 &#x41B;&#x456;&#x442;&#x435;&#x440;&#x430;&#x442;&#x443;&#x440;&#x430;. &#x41B;&#x456;&#x442;&#x435;&#x440;&#x430;&#x442;&#x443;&#x440;&#x43E;&#x437;&#x43D;&#x430;&#x432;&#x441;&#x442;&#x432;&#x43E;</subfield>
    <subfield code="2">UDC</subfield>
  </datafield>
  <datafield tag="999" ind1=" " ind2=" ">
    <subfield code="c">412359</subfield>
    <subfield code="d">412359</subfield>
  </datafield>
  <datafield tag="952" ind1=" " ind2=" ">
    <subfield code="0">0</subfield>
    <subfield code="1">0</subfield>
    <subfield code="2">udc</subfield>
    <subfield code="4">0</subfield>
    <subfield code="7">0</subfield>
    <subfield code="8">C_ZHULYNSKYI</subfield>
    <subfield code="a">101</subfield>
    <subfield code="b">101</subfield>
    <subfield code="d">2017-09-07</subfield>
    <subfield code="e">34/2017</subfield>
    <subfield code="g">18.00</subfield>
    <subfield code="i">155180</subfield>
    <subfield code="l">0</subfield>
    <subfield code="o">82-92 &#x42F;11</subfield>
    <subfield code="p">155180</subfield>
    <subfield code="r">2022-02-06 00:00:00</subfield>
    <subfield code="w">2017-09-07</subfield>
    <subfield code="y">BK</subfield>
  </datafield>
</record>
